Digital logic circuit analysis and design (Record no. 167622)
[ view plain ]
| 000 -LEADER | |
|---|---|
| fixed length control field | 00421nam a2200145Ia 4500 |
| 008 - FIXED-LENGTH DATA ELEMENTS--GENERAL INFORMATION | |
| fixed length control field | 231217s9999 xx 000 0 und d |
| 041 ## - LANGUAGE CODE | |
| Language code of text/sound track or separate title | English |
| 082 ## - DEWEY DECIMAL CLASSIFICATION NUMBER | |
| Classification number | 621.381952 NEL;1 |
| 100 ## - MAIN ENTRY--PERSONAL NAME | |
| Personal name | Nelson, Victor PNagle, H.TrayCarrol, Bill D etc |
| 245 #0 - TITLE STATEMENT | |
| Title | Digital logic circuit analysis and design |
| 260 ## - PUBLICATION, DISTRIBUTION, ETC. | |
| Date of publication, distribution, etc. | 1995 |
| Name of publisher, distributor, etc. | New Jersey : Prentice-Hall, |
| 300 ## - PHYSICAL DESCRIPTION | |
| Extent | xxi+842 |
| 650 ## - SUBJECT ADDED ENTRY--TOPICAL TERM | |
| Topical term or geographic name entry element | Digital logic circuit |
| 942 ## - ADDED ENTRY ELEMENTS (KOHA) | |
| Koha item type | Books |
| Date last seen | Total checkouts | Full call number | Accession number | Cost, total (INR) price | Price effective from | Category | Public note | Lost status | Damaged status | Department | Withdrawn status | Home library | Current library | Shelving location | Entry date | Vendor | Cost, normal purchase price | Grants | Billnumber | Billdate | Currency symbol | Conversion rate | Discount | Old discount |
|---|---|---|---|---|---|---|---|---|---|---|---|---|---|---|---|---|---|---|---|---|---|---|---|---|
| 26/01/2024 | 621.381952 NEL;1 | 17046 | 899.29 | 26/01/2024 | Books | Library Annex - Property Counter | Central Library | Central Library | Central Library | Library Annex | 23/02/2001 | Allied publ. | 1057.99 | EC | BAN/CR/009273 | 09/01/2004 | RS | 1 | 158.7 | 15 |
